[Event "ARG-ch sf 92nd"]
[Site "Buenos Aires"]
[Date "2017.07.15"]
[Round "7"]
[White "Ocampo, Dario"]
[Black "Lo Presti, Roberto"]
[Result "1-0"]
[WhiteElo "1919"]
[BlackElo "1955"]
[PlyCount "49"]
[EventDate "2017.07.10"]
[EventType "swiss"]
[EventRounds "9"]
[EventCountry "ARG"]
[SourceTitle "EXT 2018"]
[Source "ChessBase"]
[SourceDate "2017.10.13"]
[SourceVersion "1"]
[SourceVersionDate "2017.10.13"]
[SourceQuality "1"]

1. d4 e6 2. Nf3 f5 3. Bf4 Nf6 4. e3 d5 5. Be2 Bd6 6. Ne5 0-0 7. 0-0 Nbd7 8. Nd2 Ne4 9. Nxe4 fxe4 10. c4 Be7 11. c5 Nxe5 12. Bxe5 Bf6 13. Bg3 b6 14. Rc1 Be7 15. b4 a5 16. a3 axb4 17. axb4 bxc5 18. bxc5 Ba6 19. Ra1 Bxe2 20. Qxe2 c6 21. Ra6 Rxa6 22. Qxa6 Qd7 23. Rb1 Rc8 24. Rb7 Qd8 25. Rxe7 1-0

[Event "ARG-ch sf 92nd"]
[Site "Buenos Aires"]
[Date "2017.07.13"]
[Round "4"]
[White "Ocampo, Dario"]
[Black "Fernandez, Maria Florencia"]
[Result "0-1"]
[WhiteElo "1919"]
[BlackElo "2249"]
[PlyCount "116"]
[EventDate "2017.07.10"]
[EventType "swiss"]
[EventRounds "9"]
[EventCountry "ARG"]
[SourceTitle "EXT 2018"]
[Source "ChessBase"]
[SourceDate "2017.10.13"]
[SourceVersion "1"]
[SourceVersionDate "2017.10.13"]
[SourceQuality "1"]

1. d4 Nf6 2. Nf3 g6 3. Bf4 Bg7 4. e3 0-0 5. Be2 d6 6. 0-0 Nc6 7. c4 Nd7 8. Nc3 e5 9. Bg3 f5 10. Nd5 g5 11. h3 h6 12. b4 Ne7 13. Nc3 Kh8 14. Rc1 Ng6 15. c5 dxc5 16. dxc5 e4 17. Nd4 Nde5 18. Bh2 c6 19. b5 Qf6 20. Qb3 Rg8 21. Rcd1 Bf8 22. bxc6 bxc6 23. Qa4 Bd7 24. Rd2 Qg7 25. Bc4 Nxc4 26. Qxc4 Re8 27. Nde2 Ne5 28. Qa6 Nd3 29. Rfd1 Bxc5 30. Na4 Bb4 31. Rxd3 exd3 32. Qxd3 Be6 33. Nd4 c5 34. Nxe6 Rxe6 35. Qxf5 Qe7 36. Rd5 Rf8 37. Qd3 Qf6 38. Bg3 c4 39. Qxc4 Bd6 40. Qg4 Bxg3 41. Qxg3 Qa1+ 42. Kh2 Qxa2 43. Rd6 Rxd6 44. Qxd6 Kg7 45. Qd4+ Kg8 46. f4 gxf4 47. exf4 Qf7 48. Kg3 Qg7+ 49. Qxg7+ Kxg7 50. Kf3 Rb8 51. Nc5 Rb5 52. Ne6+ Kf6 53. Nd4 Rb4 54. Ke4 a5 55. Kd3 a4 56. Kc3 Rb1 57. Nc2 Rb3+ 58. Kc4 Rg3 0-1

[Event "ARG-ch sf 92nd"]
[Site "Buenos Aires"]
[Date "2017.07.11"]
[Round "2"]
[White "Robledo, Cristian"]
[Black "Ocampo, Dario"]
[Result "0-1"]
[WhiteElo "2235"]
[BlackElo "1919"]
[PlyCount "96"]
[EventDate "2017.07.10"]
[EventType "swiss"]
[EventRounds "9"]
[EventCountry "ARG"]
[SourceTitle "EXT 2018"]
[Source "ChessBase"]
[SourceDate "2017.10.13"]
[SourceVersion "1"]
[SourceVersionDate "2017.10.13"]
[SourceQuality "1"]

1. d4 d5 2. c4 e6 3. Nc3 c6 4. e4 dxe4 5. Nxe4 Be7 6. Nf3 Nf6 7. Nc3 0-0 8. Bd3 b6 9. 0-0 Bb7 10. Qe2 c5 11. dxc5 Bxc5 12. Rd1 Qc8 13. Ne5 Nc6 14. Nf3 Nb4 15. Bb1 Be7 16. a3 Na6 17. Ne5 Nc5 18. Bc2 Ncd7 19. f4 Rd8 20. Re1 g6 21. b4 a5 22. Nxf7 axb4 23. Nxd8 Bc5+ 24. Kh1 Qxd8 25. Qxe6+ Kg7 26. Nd5 bxa3 27. h3 Qf8 28. Nxf6 Nxf6 29. Be3 Re8 30. Bxc5 Qxc5 31. Qxe8 Nxe8 32. Rxe8 Bc6 33. Re5 Qxc4 34. Rc1 Qxf4 35. Ree1 Bd5 36. Bd3 Qd2 37. Bf1 a2 38. Red1 Qg5 39. Rc7+ Kh6 40. Rc3 Qe5 41. Rcc1 Be4 42. Re1 Qf5 43. Ra1 Bb1 44. Kg1 Qc5+ 45. Kh1 Qc2 46. Re2 Qd1 47. Rf2 Qe1 48. Kg1 Qe3 0-1

[Event "ARG-ch sf 92nd"]
[Site "Buenos Aires"]
[Date "2017.07.10"]
[Round "1"]
[White "Ocampo, Dario"]
[Black "Munoz, Francisco Javier"]
[Result "1/2-1/2"]
[WhiteElo "1919"]
[BlackElo "2278"]
[PlyCount "126"]
[EventDate "2017.07.10"]
[EventType "swiss"]
[EventRounds "9"]
[EventCountry "ARG"]
[SourceTitle "EXT 2018"]
[Source "ChessBase"]
[SourceDate "2017.10.13"]
[SourceVersion "1"]
[SourceVersionDate "2017.10.13"]
[SourceQuality "1"]

1. d4 d5 2. Nf3 Nf6 3. Bf4 c5 4. e3 Nc6 5. c3 Qb6 6. Qb3 c4 7. Qc2 Bf5 8. Qc1 h6 9. h3 e6 10. Be2 Be7 11. 0-0 g5 12. Bh2 g4 13. Nh4 Bh7 14. hxg4 Rg8 15. Nd2 Nxg4 16. Bxg4 Rxg4 17. Nhf3 Kd7 18. Ne1 Rag8 19. b3 cxb3 20. axb3 h5 21. f3 R4g7 22. Bf4 Bh4 23. Rf2 Bxf2+ 24. Kxf2 Qd8 25. Nf1 f6 26. Qd2 Qb6 27. b4 Qb5 28. Bg3 a5 29. Bh4 axb4 30. cxb4 Nxb4 31. Ra3 Nd3+ 32. Rxd3 Bxd3 33. Ng3 Bg6 34. Bxf6 Rf7 35. Bh4 Ra8 36. Kg1 Qb1 37. Kh2 Qa2 38. Qc3 Qc4 39. Qb2 b5 40. e4 dxe4 41. fxe4 Ra2 42. Qb1 Rf4 43. Bg5 Rff2 44. Be3 Rf7 45. Nd3 Ke8 46. Ne5 Qa4 47. Nxf7 Bxf7 48. e5 Qc2 49. Qxb5+ Kf8 50. Qb7 Qg6 51. Qf3 h4 52. Ne2 Kg7 53. Bf2 Qh5 54. Qf6+ Kg8 55. Nf4 Qg4 56. Bxh4 Ra1 57. d5 Rf1 58. Bg3 Qd1 59. Qg5+ Kh7 60. Qh4+ Kg8 61. Qd8+ Kh7 62. Qh4+ Kg8 63. Qg5+ Kh7 1/2-1/2

[Event "Villa Carlos Paz op"]
[Site "Villa Carlos Paz"]
[Date "2016.03.25"]
[Round "1.1"]
[White "Ocampo, Dario"]
[Black "Tristan, Leonardo"]
[Result "0-1"]
[WhiteElo "1888"]
[BlackElo "2430"]
[PlyCount "56"]
[EventDate "2016.03.25"]
[EventType "swiss"]
[EventRounds "6"]
[EventCountry "ARG"]
[SourceTitle "EXT 2024"]
[Source "ChessBase"]
[SourceDate "2023.10.10"]
[SourceVersion "1"]
[SourceVersionDate "2023.10.10"]
[SourceQuality "1"]

1. e4 d6 2. Bc4 Nf6 3. d3 g6 4. Ne2 Bg7 5. 0-0 0-0 6. Ng3 c6 7. Bb3 Nbd7 8. a3 a5 9. f4 h5 10. h3 h4 11. Ne2 Nh5 12. Nbc3 e6 13. f5 exf5 14. exf5 Nc5 15. fxg6 Nxb3 16. gxf7+ Rxf7 17. Rxf7 Nxa1 18. Rf3 d5 19. Kh1 b5 20. d4 b4 21. Na4 Ba6 22. Bf4 Bxe2 23. Qxe2 Qe8 24. Bc7 Qg6 25. Re3 Nxc2 26. Re7 Nxd4 27. Qe1 Bf6 28. Nc5 Nf5 0-1